Earthworms in agriculture / (Record no. 37232)
[ view plain ]
| 000 -LEADER | |
|---|---|
| fixed length control field | 00737nam a22002537a 4500 |
| 001 - CONTROL NUMBER | |
| control field | 37232 |
| 003 - CONTROL NUMBER IDENTIFIER | |
| rucl marc code | BD-RjUL |
| 005 - DATE AND TIME OF LATEST TRANSACTION | |
| control field | 20211209052606.0 |
| 008 - FIXED-LENGTH DATA ELEMENTS--GENERAL INFORMATION | |
| fixed length control field | 141116s2005 ii a|||| b||| 00| 0 eng d |
| 020 ## - INTERNATIONAL STANDARD BOOK NUMBER | |
| International Standard Book Number | 8177542494 |
| 035 ## - SYSTEM CONTROL NUMBER | |
| System control number | (BD-RjUL)37334 |
| 040 ## - CATALOGING SOURCE | |
| Original cataloging agency | BD-RjUL |
| Language of cataloging | eng |
| Transcribing agency | BD-RjUL |
| 041 ## - LANGUAGE CODE | |
| Language code of text/sound track or separate title | eng |
| 082 ## - DEWEY DECIMAL CLASSIFICATION NUMBER | |
| Classification number | 628.4458 |
| Author mark and year | TAL 2005 |
| 100 ## - MAIN ENTRY--PERSONAL NAME | |
| Personal name | Talashilkar, S.C. |
| 9 (RLIN) | 114045 |
| 245 ## - TITLE STATEMENT | |
| Title | Earthworms in agriculture / |
| Statement of responsibility, etc. | S.C. Talashilkar, A.A.K. Dosani. |
| 260 ## - PUBLICATION, DISTRIBUTION, ETC. (IMPRINT) | |
| Place of publication, distribution, etc. | Jodhpur : |
| Name of publisher, distributor, etc. | Agrobios (India), |
| Date of publication, distribution, etc. | 2005 |
| 300 ## - PHYSICAL DESCRIPTION | |
| Pagination | 182 p. : |
| Illustrations | ill. |
| Size | 24 cm |
| 504 ## - BIBLIOGRAPHY, ETC. NOTE | |
| Bibliography, etc | Includes Bibliographical references. |
| 650 ## - SUBJECT ADDED ENTRY--TOPICAL TERM | |
| Topical term or geographic name as entry element | Earthworms. |
| 9 (RLIN) | 114046 |
| Topical term or geographic name as entry element | Earthworm culture. |
| 9 (RLIN) | 114048 |
| 700 ## - ADDED ENTRY--PERSONAL NAME | |
| Personal name | Dosani, A.A.K. |
| 942 ## - ADDED ENTRY ELEMENTS (KOHA) | |
| Source of classification or shelving scheme | Dewey Decimal Classification |
| Koha item type | Books |
| Lost status | Source of classification or shelving scheme | Damaged status | Not for loan | Permanent Location | Current Location | Shelving location | Date acquired | Cost, normal purchase price | Total Checkouts | Full call number | Date last seen | Copy number | Koha item type |
|---|---|---|---|---|---|---|---|---|---|---|---|---|---|
| Dewey Decimal Classification | Not For Loan | Institute of Biological Sciences (IBSc) Library | Institute of Biological Sciences (IBSc) Library | 16/11/2014 | 1190.00 | 628.4458 TAL 2005 | 16/11/2014 | C-1 | Books |